[Event "Eurasian Blitz Chess Cup"]
[Site "Almaty KAZ"]
[Date "2016.06.19"]
[Round "18.12"]
[White "Mamedov, Rauf"]
[Black "Bologan, Viktor"]
[Result "1-0"]
[WhiteTitle "GM"]
[BlackTitle "GM"]
[WhiteElo "2655"]
[BlackElo "2654"]
[WhiteFideId "13401653"]
[BlackFideId "13900048"]
[EventDate "2016.06.18"]

1. e4 c5 2. Nf3 d6 3. Nc3 Nf6 4. e5 dxe5 5. Nxe5 g6 6. Bc4 e6 7. d3 Nbd7 8. Qe2
Nxe5 9. Qxe5 Bd6 10. Bb5+ Kf8 11. Bh6+ Kg8 12. Qe2 a6 13. Bc4 b5 14. Bb3 Bb7 15.
O-O-O Qc7 16. Qd2 Ng4 17. Be3 Bxg2 18. Rhg1 Bf3 19. Rde1 Nxe3 20. fxe3 c4 21.
dxc4 b4 22. Ne2 Bxh2 23. Rgf1 Bxe2 24. Qxe2 Be5 25. c5 Qxc5 26. Qf3 Ra7 27. Kb1
Kg7 28. Qg4 a5 29. Rf3 a4 30. Bc4 a3 31. Qh4 h6 32. Bb3 axb2 33. Ref1 g5 34. Qh5
Rf8 35. Rh3 Rh8 36. Rhf3 f6 37. Bxe6 Re7 38. Bf5 Kf8 39. Bd3 Qd6 40. Qg6 Rf7 41.
Bc4 Rhh7 42. e4 h5 43. Rd3 Qc7 44. Bb3 h4 45. Rfd1 Ke7 46. Bxf7 Rxf7 47. Rd7+
Qxd7 48. Rxd7+ Kxd7 49. Qxf7+ Kd6 50. Qc4 Kd7 51. Qxb4 h3 52. Qb5+ Ke7 53. Qb7+
Kf8 54. Qc8+ Kg7 55. Qxh3 1-0

[Event "Eurasian Blitz Chess Cup"]
[Site "Almaty KAZ"]
[Date "2016.06.19"]
[Round "18.13"]
[White "Saric, Ivan"]
[Black "Arutinian, David"]
[Result "1-0"]
[WhiteTitle "GM"]
[BlackTitle "GM"]
[WhiteElo "2660"]
[BlackElo "2527"]
[WhiteFideId "14508150"]
[BlackFideId "13601741"]
[EventDate "2016.06.18"]

1. e4 c6 2. d4 d5 3. e5 Bf5 4. h4 h5 5. Bd3 Bxd3 6. Qxd3 e6 7. Bg5 Qa5+ 8. Nd2
Qa6 9. c4 Bb4 10. b3 Ne7 11. Ne2 Nd7 12. O-O f6 13. Nf4 Bxd2 14. Nxe6 Kf7 15.
Nc7 Qa5 16. e6+ Kg8 17. Nxa8 fxg5 18. exd7 Bf4 19. Rae1 Kf7 20. g3 Rxa8 21. gxf4
Qc7 22. Rxe7+ Kxe7 23. Re1+ Kf7 24. Qf5+ 1-0

[Event "Eurasian Blitz Chess Cup"]
[Site "Almaty KAZ"]
[Date "2016.06.19"]
[Round "18.14"]
[White "Gunina, Valentina"]
[Black "Jumabayev, Rinat"]
[Result "1-0"]
[WhiteTitle "GM"]
[BlackTitle "GM"]
[WhiteElo "2518"]
[BlackElo "2613"]
[WhiteFideId "4167570"]
[BlackFideId "13702661"]
[EventDate "2016.06.18"]

1. d4 Nf6 2. c4 e6 3. Nf3 b6 4. g3 Bb7 5. Bg2 Be7 6. O-O O-O 7. Nc3 d5 8. cxd5
exd5 9. Bf4 Na6 10. Rc1 Re8 11. Ne5 h6 12. Qa4 Bf8 13. a3 c5 14. Rfd1 cxd4 15.
Rxd4 Bc5 16. Rdd1 g5 17. b4 Bf8 18. Nxd5 Nxd5 19. Bxd5 Bxd5 20. e4 Nc7 21. Nxf7
Qf6 22. exd5 gxf4 23. Rxc7 fxg3 24. hxg3 Re2 25. Rf1 Rae8 26. d6 Re1 27. Qd7
Rxf1+ 28. Kxf1 Re6 29. Ng5 1-0

[Event "Eurasian Blitz Chess Cup"]
[Site "Almaty KAZ"]
[Date "2016.06.19"]
[Round "18.15"]
[White "Savchenko, Boris"]
[Black "Fressinet, Laurent"]
[Result "0-1"]
[WhiteTitle "GM"]
[BlackTitle "GM"]
[WhiteElo "2633"]
[BlackElo "2687"]
[WhiteFideId "4147332"]
[BlackFideId "608742"]
[EventDate "2016.06.18"]

1. e4 e5 2. Nf3 Nc6 3. Bb5 Nf6 4. d3 Bc5 5. c3 O-O 6. O-O Re8 7. d4 Bf8 8. Re1
exd4 9. e5 Nd5 10. Bc4 Nb6 11. Bd3 h6 12. cxd4 d6 13. Nc3 Bg4 14. h3 Bxf3 15.
Qxf3 dxe5 16. Qg3 exd4 17. Rxe8 Qxe8 18. Ne4 Kh8 19. Bxh6 gxh6 20. Nf6 Bd6 21.
Qh4 Qf8 22. Re1 Be7 23. Qe4 Qg7 24. Nh5 Qg8 25. Qf5 Bg5 26. f4 Bh4 27. g3 Qg6
28. Qb5 a6 29. Qc5 Qxd3 30. Kf2 Rg8 31. gxh4 Qd2+ 32. Re2 Rg2+ 33. Kxg2 Qxe2+
34. Kg3 Qe3+ 35. Kg2 Qe4+ 36. Kf2 Qe7 37. Qf5 Nd7 38. Kg3 Qe6 39. Qg4 Qxg4+ 40.
hxg4 Nb4 41. a3 Nd3 42. b4 c5 43. bxc5 N3xc5 44. Kf3 b5 45. Ng3 a5 46. Nf5 d3
47. Nxh6 Kg7 48. Nf5+ Kf8 49. h5 b4 50. axb4 axb4 51. Nd6 b3 52. Nc4 Nb6 53. Nd2
b2 54. g5 Nc4 55. Nb1 Nb3 56. Nc3 Nbd2+ 57. Kf2 b1=Q 58. Nxb1 Nxb1 59. f5 d2 0-1

[Event "Eurasian Blitz Chess Cup"]
[Site "Almaty KAZ"]
[Date "2016.06.19"]
[Round "18.16"]
[White "Anton Guijarro, David"]
[Black "Kovalenko, Igor"]
[Result "0-1"]
[WhiteTitle "GM"]
[BlackTitle "GM"]
[WhiteElo "2627"]
[BlackElo "2668"]
[WhiteFideId "2285525"]
[BlackFideId "14117908"]
[EventDate "2016.06.18"]

1. e4 e6 2. d4 d5 3. Nd2 Nf6 4. e5 Nfd7 5. c3 c5 6. f4 Nc6 7. Ndf3 Qb6 8. g3 Be7
9. Ne2 a5 10. a3 a4 11. f5 Na5 12. Nf4 Nb3 13. Rb1 cxd4 14. cxd4 Nb8 15. Be3 Nc6
16. fxe6 Bxe6 17. Bd3 g5 18. Nxe6 fxe6 19. Nxg5 Nxe5 20. Qh5+ Kd7 21. O-O Nxd3
22. Rf7 Rae8 23. Nf3 Ref8 24. Rd1 Rxf7 25. Qxf7 Rf8 26. Qh5 Rf5 27. Qg4 h5 28.
Qg7 Rxf3 29. Rxd3 Rxe3 30. Rxe3 Nxd4 31. Kg2 Nf5 0-1

[Event "Eurasian Blitz Chess Cup"]
[Site "Almaty KAZ"]
[Date "2016.06.19"]
[Round "18.18"]
[White "Sjugirov, Sanan"]
[Black "Aleksandrov, Aleksej"]
[Result "1-0"]
[WhiteTitle "GM"]
[BlackTitle "GM"]
[WhiteElo "2665"]
[BlackElo "2577"]
[WhiteFideId "4189302"]
[BlackFideId "13500139"]
[EventDate "2016.06.18"]

1. d4 Nf6 2. Nf3 e6 3. Bg5 h6 4. Bh4 b6 5. Nbd2 Bb7 6. e3 d6 7. Bd3 Be7 8. c3
Nbd7 9. Qe2 g5 10. Bg3 h5 11. h3 h4 12. Bh2 g4 13. hxg4 Nxg4 14. O-O-O Ndf6 15.
Bg1 Nd5 16. Ne1 f5 17. f3 Ngf6 18. Bf2 Nh5 19. Nc2 Qd7 20. c4 Ndf6 21. Rxh4
O-O-O 22. Rdh1 Rhg8 23. Rxh5 Nxh5 24. Rxh5 Rxg2 25. Rh7 Rdg8 26. Ne1 R2g7 27.
Rxg7 Rxg7 28. a3 Kb8 29. Kb1 a5 30. Ka2 Qe8 31. e4 fxe4 32. fxe4 Qf7 33. Nb1 Rh7
34. Be3 Rh3 35. Nc3 Qg7 36. Nc2 Qg3 37. Qf1 Bc8 38. c5 dxc5 39. dxc5 Bxc5 40.
Ne2 Qf3 41. Qxf3 Rxf3 42. Bxc5 Rxd3 43. Be3 Bb7 44. Nc3 b5 45. Bc5 Bc6 46. Nd4
Bd7 47. Ndxb5 Kb7 48. Nd4 e5 49. Nc2 1-0

[Event "Eurasian Blitz Chess Cup"]
[Site "Almaty KAZ"]
[Date "2016.06.19"]
[Round "18.19"]
[White "Kazhgaleyev, Murtas"]
[Black "Yilmaz, Mustafa"]
[Result "1/2-1/2"]
[WhiteTitle "GM"]
[BlackTitle "GM"]
[WhiteElo "2582"]
[BlackElo "2613"]
[WhiteFideId "13700316"]
[BlackFideId "6302718"]
[EventDate "2016.06.18"]

1. d4 d6 2. Nf3 Nf6 3. c4 g6 4. Nc3 Bg7 5. e4 O-O 6. Be2 e5 7. O-O Nc6 8. d5 Ne7
9. b4 a5 10. bxa5 Rxa5 11. a4 c5 12. Bd2 Ra6 13. Qc2 Nd7 14. Ra3 f5 15. Ng5 Nf6
16. Rb1 fxe4 17. Ncxe4 Nxe4 18. Nxe4 Nf5 19. Qd1 Nd4 20. Bd3 h6 21. Be3 Nf5 22.
Qe2 Qe7 23. a5 Qd8 24. Bd2 Rf7 25. Ra2 Nd4 26. Qd1 Kh7 27. Rab2 Bf8 28. Bc3 Nf5
29. g3 Be7 30. Qe2 Qf8 31. Rb6 Rxb6 32. Rxb6 Nd4 33. Bxd4 exd4 34. h4 Qd8 35. h5
Kg7 36. hxg6 Rf8 37. Nd2 Qd7 38. Qe4 Bd8 39. Rb5 Qh3 40. a6 bxa6 41. Rb8 Bg5 42.
Nf1 Bf5 43. Rb7+ Kg8 44. Qf3 Bxg6 45. Qe2 Bxd3 46. Qxd3 Qf5 47. Qxf5 Rxf5 48. f4
Bd8 49. Rd7 Rf8 50. Rxd6 a5 51. Kf2 Kf7 52. Kf3 h5 53. Ra6 Re8 54. Ra7+ Re7 55.
Ra8 Bc7 56. Kf2 Kf6 57. Nd2 Kf5 58. Rf8+ Kg4 59. Rg8+ Kh3 60. Rh8 Kg4 61. Nf3
Re3 62. Rg8+ Kf5 63. Rf8+ Ke4 64. Ne1 Rb3 65. Re8+ Kf5 66. Re7 Bd8 67. Re8 Bf6
68. d6 d3 69. Nf3 Rb2+ 70. Ke1 Bc3+ 71. Kf1 Rb1+ 72. Kf2 Rb2+ 73. Kf1 Kg4 74. d7
Kxf3 75. Re3+ Kxe3 76. d8=Q Bd4 77. Qe8+ Kf3 78. Qxh5+ Kxg3 79. Qg6+ Kxf4 80.
Qxd3 a4 81. Ke1 Rb3 82. Qd2+ Re3+ 83. Kd1 a3 84. Kc1 Kf3 85. Kd1 Re4 86. Qd3+
Re3 87. Qf5+ Kg2 88. Qg4+ Rg3 89. Qe4+ Kg1 90. Qe1+ Kh2 91. Qe2+ Kg1 92. Qe1+
Kh2 93. Qe2+ Rg2 94. Qh5+ Kg3 95. Qg5+ Kf2 96. Qd2+ Kf3 97. Qd3+ Kf4 98. Qxa3
Rg1+ 99. Ke2 Rg2+ 100. Kf1 Rg1+ 101. Ke2 Rg2+ 102. Kd1 Rg1+ 103. Ke2 Rg3 104.
Qa8 Re3+ 105. Kd2 Ke5 106. Qe8+ Kd6 107. Qh5 Ke6 108. Qd5+ Kf6 109. Kc2 Rc3+
110. Kd1 Rd3+ 111. Ke2 Re3+ 112. Kf1 Ke7 113. Kg2 Kf6 114. Kf1 Ke7 115. Qc6 Kf7
116. Qd6 Kg7 117. Kg2 Kf7 1/2-1/2

[Event "Eurasian Blitz Chess Cup"]
[Site "Almaty KAZ"]
[Date "2016.06.19"]
[Round "18.20"]
[White "Volokitin, Andrei"]
[Black "Ismagambetov, Anuar"]
[Result "1-0"]
[WhiteTitle "GM"]
[BlackTitle "GM"]
[WhiteElo "2624"]
[BlackElo "2542"]
[WhiteFideId "14107090"]
[BlackFideId "13701525"]
[EventDate "2016.06.18"]

1. e4 e5 2. Nf3 Nc6 3. Bc4 Bc5 4. c3 Nf6 5. d3 O-O 6. Nbd2 d5 7. exd5 Nxd5 8.
Ne4 Be7 9. O-O Bf5 10. Re1 Nb6 11. Bb5 Bd6 12. a4 a6 13. Bxc6 bxc6 14. Ng3 Bg4
15. h3 Bxf3 16. Qxf3 Qd7 17. Nf5 g6 18. Nh6+ Kg7 19. Ng4 f5 20. Bh6+ Kg8 21.
Nxe5 Bxe5 22. Rxe5 Rfe8 23. Rae1 Rxe5 24. Rxe5 Re8 25. Qe2 Rxe5 26. Qxe5 Nxa4
27. Qf6 1-0

[Event "Eurasian Blitz Chess Cup"]
[Site "Almaty KAZ"]
[Date "2016.06.19"]
[Round "18.21"]
[White "Vakhidov, Jahongir"]
[Black "Khusnutdinov, Rustam"]
[Result "1-0"]
[WhiteTitle "GM"]
[BlackTitle "GM"]
[WhiteElo "2578"]
[BlackElo "2476"]
[WhiteFideId "14201801"]
[BlackFideId "13701703"]
[EventDate "2016.06.18"]

1. c4 e5 2. Nc3 Bb4 3. Nf3 Bxc3 4. dxc3 d6 5. g3 Nc6 6. Bg2 Nge7 7. O-O O-O 8.
a4 a5 9. b3 Be6 10. e4 Qd7 11. Nh4 Bh3 12. Re1 f5 13. Bh1 1-0

[Event "Eurasian Blitz Chess Cup"]
[Site "Almaty KAZ"]
[Date "2016.06.19"]
[Round "18.22"]
[White "Egorov, Evgeny"]
[Black "Potkin, Vladimir"]
[Result "1-0"]
[WhiteTitle "IM"]
[BlackTitle "GM"]
[WhiteElo "2387"]
[BlackElo "2597"]
[WhiteFideId "13700421"]
[BlackFideId "4131061"]
[EventDate "2016.06.18"]

1. Nc3 d5 2. e4 dxe4 3. Nxe4 Nf6 4. Nxf6+ exf6 5. d4 Bd6 6. Bd3 O-O 7. Ne2 Nc6
8. c3 Re8 9. Qc2 g6 10. Bd2 Bg4 11. f3 Be6 12. O-O-O a5 13. h4 Bxa2 14. h5 f5
15. hxg6 hxg6 16. g4 a4 17. gxf5 Bb3 18. fxg6 Bxc2 19. Kxc2 fxg6 20. Rh6 Ne7 21.
Rdh1 Qd7 22. Bg5 Qe6 23. Rh8+ 1-0

[Event "Eurasian Blitz Chess Cup"]
[Site "Almaty KAZ"]
[Date "2016.06.19"]
[Round "18.23"]
[White "Askarov, Bakhtiyar"]
[Black "Kotsur, Pavel"]
[Result "0-1"]
[BlackTitle "GM"]
[WhiteElo "2409"]
[BlackElo "2552"]
[WhiteFideId "13701100"]
[BlackFideId "13700278"]
[EventDate "2016.06.18"]

1. d4 e6 2. Bf4 c5 3. e3 Qb6 4. Nc3 a6 5. Rb1 d5 6. Nf3 Nc6 7. Be2 Nf6 8. h3
cxd4 9. exd4 Be7 10. O-O O-O 11. Na4 Qa5 12. c3 Bd7 13. b3 b5 14. Nc5 Bxc5 15.
dxc5 Qxc3 16. Bd6 Rfe8 17. a4 Qb4 18. Qd3 bxa4 19. bxa4 Qxa4 20. Ra1 Qe4 21. Qd1
Qg6 22. Bd3 Ne4 23. Re1 f5 24. Rxa6 Rxa6 25. Bxa6 Qf6 26. Bd3 Nxd6 27. cxd6 Qf8
28. Bb5 Qxd6 29. Bxc6 Bxc6 30. Qd4 Rb8 31. Ne5 Be8 32. f4 Qb6 33. Qxb6 Rxb6 34.
Rc1 Rb7 35. Rc8 Kf8 36. Kf2 Ke7 37. Ra8 h6 38. h4 Rc7 39. Rb8 Ra7 40. Ke3 Ra3+
41. Kf2 Ra7 42. Ke3 Rc7 43. Ra8 g6 44. Kf2 Bf7 45. Rh8 h5 46. Rh7 Kf6 47. Rh8
Kg7 48. Rd8 Kf6 49. Rf8 Kg7 50. Rd8 Re7 51. Ke3 Be8 52. Rd6 Kf6 53. Rd8 Kg7 54.
Rd6 Bf7 55. Rd8 Ra7 56. Kf2 Kf6 57. Rf8 Kg7 58. Rd8 Re7 59. Ke3 Be8 60. Rd6 Bb5
61. Rb6 Bf1 62. Kf2 Bc4 63. Ke3 Ba2 64. Rd6 Kf6 65. Kd4 Ra7 66. g3 Bb1 67. Ke3
Be4 68. Kd4 Rb7 69. Kc3 Ke7 70. Ra6 Kf6 71. Kd4 Rc7 72. Ke3 Ke7 73. Nxg6+ Kf6
74. Ne5 Rg7 75. Kf2 Rb7 76. Ke3 Rg7 77. Kf2 Rb7 78. Ke3 Ke7 79. Ng6+ Kf7 80.
Ne5+ Kf6 81. Rd6 Ke7 82. Ra6 Rb3+ 83. Kf2 Rb2+ 84. Ke3 Rb3+ 85. Kf2 d4 86. Ra7+
Kd6 87. Rd7+ Kc5 88. Rc7+ Kb6 89. Rc8 Rb2+ 90. Kf1 Rb3 91. Rb8+ Bb7 92. Nc4+ Kc7
93. Re8 Bd5 94. Ne5 Rxg3 95. Re7+ Kb6 96. Re8 d3 97. Ke1 Kc5 98. Rb8 Kd4 99. Kd2
Rg2+ 100. Kc1 Ke3 101. Rb2 Rg1# 0-1

[Event "Eurasian Blitz Chess Cup"]
[Site "Almaty KAZ"]
[Date "2016.06.19"]
[Round "18.24"]
[White "Harika, Dronavalli"]
[Black "Ehlvest, Jaan"]
[Result "1-0"]
[WhiteTitle "GM"]
[BlackTitle "GM"]
[WhiteElo "2514"]
[BlackElo "2524"]
[WhiteFideId "5015197"]
[BlackFideId "4500016"]
[EventDate "2016.06.18"]

1. c4 b6 2. Nc3 Bb7 3. e4 e5 4. g3 Bc5 5. Bg2 Nc6 6. Nge2 h5 7. h3 Nf6 8. a3 a5
9. d3 h4 10. Bg5 hxg3 11. Nxg3 Ne7 12. Qf3 Nh7 13. Be3 d6 14. O-O-O Bc8 15. h4
Nf6 16. Nf5 Bxf5 17. exf5 Rb8 18. h5 Qd7 19. h6 gxh6 20. Ne4 1-0

[Event "Eurasian Blitz Chess Cup"]
[Site "Almaty KAZ"]
[Date "2016.06.19"]
[Round "19.6"]
[White "Amonatov, Farrukh"]
[Black "Megaranto, Susanto"]
[Result "1-0"]
[WhiteTitle "GM"]
[BlackTitle "GM"]
[WhiteElo "2614"]
[BlackElo "2535"]
[WhiteFideId "14700077"]
[BlackFideId "7101384"]
[EventDate "2016.06.18"]

1. e4 d5 2. exd5 Qxd5 3. Nc3 Qd6 4. d4 Nf6 5. g3 c6 6. Bg2 Bg4 7. Nge2 e6 8. h3
Bxe2 9. Nxe2 Be7 10. O-O O-O 11. c4 Qc7 12. Qc2 Nbd7 13. Be3 Rac8 14. Rad1 Rfd8
15. Rfe1 Bf8 16. a3 g6 17. Nc3 Re8 18. b4 a5 19. Qb3 axb4 20. axb4 Ra8 21. d5
exd5 22. cxd5 cxd5 23. Nxd5 Nxd5 24. Bxd5 Nf6 25. Bg2 Rad8 26. Rc1 Qd6 27. b5
Rd7 28. Red1 Qe7 29. Rxd7 Qxd7 30. b6 Bd6 31. Rd1 Qe7 32. Bg5 Bc5 33. Qb2 Kg7
34. Kh2 h6 35. Bf4 Qe6 36. Rb1 Kh7 37. Bxb7 g5 38. Bc7 Kg7 39. Bg2 Qf5 40. b7
Bd4 41. b8=Q Rxb8 42. Qxb8 1-0

[Event "Eurasian Blitz Chess Cup"]
[Site "Almaty KAZ"]
[Date "2016.06.19"]
[Round "19.7"]
[White "Saric, Ivan"]
[Black "Mamedov, Rauf"]
[Result "1-0"]
[WhiteTitle "GM"]
[BlackTitle "GM"]
[WhiteElo "2660"]
[BlackElo "2655"]
[WhiteFideId "14508150"]
[BlackFideId "13401653"]
[EventDate "2016.06.18"]

1. e4 e5 2. Nf3 d6 3. d4 exd4 4. Nxd4 Nf6 5. Nc3 g6 6. Be3 Bg7 7. Qd2 O-O 8.
O-O-O Re8 9. Bg5 Nc6 10. Nxc6 bxc6 11. Bc4 Be6 12. Bb3 a5 13. Rhe1 Qb8 14. e5
dxe5 15. Rxe5 Nd5 16. Nxd5 cxd5 17. f4 c6 18. Ba4 Qb6 19. Qe3 Reb8 20. b3 c5 21.
Re1 Qb4 22. Kd1 d4 23. Qe2 d3 24. cxd3 Qd4 25. Rxe6 fxe6 26. Qxe6+ Kh8 27. Qc4
Qa1+ 28. Kd2 Qb2+ 29. Kd1 Bc3 30. f5 Qb1+ 31. Bc1 Rd8 32. Qxc3+ Rd4 33. Re4 Rd8
34. Rxd4 Rxd4 35. Bb5 gxf5 36. Bc4 f4 37. Qc2 Qxc2+ 38. Kxc2 f3 39. gxf3 a4 40.
Bb2 1-0

[Event "Eurasian Blitz Chess Cup"]
[Site "Almaty KAZ"]
[Date "2016.06.19"]
[Round "19.11"]
[White "Sjugirov, Sanan"]
[Black "Vallejo Pons, Francisco"]
[Result "1-0"]
[WhiteTitle "GM"]
[BlackTitle "GM"]
[WhiteElo "2665"]
[BlackElo "2711"]
[WhiteFideId "4189302"]
[BlackFideId "2205530"]
[EventDate "2016.06.18"]

1. d4 Nf6 2. Nf3 e6 3. Bg5 h6 4. Bh4 d6 5. Nbd2 Nbd7 6. c3 g5 7. Bg3 Nh5 8. e4
Bg7 9. Bd3 Qe7 10. Qe2 a6 11. Nc4 b6 12. Nfd2 Nxg3 13. hxg3 Bb7 14. Ne3 c5 15.
d5 b5 16. a4 c4 17. Bc2 O-O 18. Ng4 exd5 19. Nxh6+ Bxh6 20. Rxh6 Kg7 21. Rh1
dxe4 22. O-O-O d5 23. f4 Rh8 24. Qg4 Rxh1 25. Rxh1 Rh8 26. Re1 Bc8 27. fxg5 Ne5
28. Qf4 Ng6 29. Qe3 Qe5 30. Rf1 Be6 31. Bd1 bxa4 32. Bxa4 Rh5 33. Bd1 Rxg5 34.
Rh1 Qxg3 35. Qd4+ Re5 36. Bh5 f6 37. Bxg6 Qxg6 38. g4 Bxg4 39. Qa7+ Kg8 40. Qb8+
Kf7 41. Qa7+ Ke6 42. Qxa6+ Kf5 43. Qc8+ Kg5 44. Qh8 Kf4 45. Qh2+ Kf5 46. Qf2+
Ke6 47. Qb6+ Kf5 48. Rf1+ Bf3 49. Nxf3 exf3 50. Rxf3+ Kg4 51. Qg1+ 1-0

[Event "Eurasian Blitz Chess Cup"]
[Site "Almaty KAZ"]
[Date "2016.06.19"]
[Round "19.12"]
[White "Jones, Gawain C B"]
[Black "Dzhumagaliev, Yan"]
[Result "0-1"]
[WhiteTitle "GM"]
[BlackTitle "FM"]
[WhiteElo "2650"]
[BlackElo "2400"]
[WhiteFideId "409561"]
[BlackFideId "24100110"]
[EventDate "2016.06.18"]

1. e4 c5 2. Nf3 Nc6 3. Bb5 e6 4. O-O Nge7 5. Re1 a6 6. Bxc6 bxc6 7. b4 cxb4 8.
a3 Ng6 9. axb4 Bxb4 10. c3 Be7 11. d4 O-O 12. Ba3 d6 13. Nbd2 a5 14. Qa4 Bd7 15.
Qc2 c5 16. dxc5 dxc5 17. Nc4 Bb5 18. Qb3 Rb8 19. Bc1 a4 20. Qa2 Qd3 21. Na3 Bc6
22. Re3 Qd1+ 23. Re1 Qd3 24. Re3 Qd1+ 25. Re1 Qb3 26. Bd2 Qxa2 27. Rxa2 Rfd8 28.
g3 f6 29. Nc4 Bb5 30. Na3 Bd3 31. h4 e5 32. h5 Nf8 33. Nh4 g6 34. hxg6 hxg6 35.
c4 Kf7 36. f3 Ne6 37. Kf2 Rb3 38. Ng2 f5 39. exf5 gxf5 40. Rxe5 Bf6 41. Rd5 Rxd5
42. cxd5 Nf8 43. Ne3 Bd4 44. Kg2 Rb2 45. Rxb2 Bxb2 46. Nec2 Bxc2 47. Nxc2 a3 48.
Be3 Nd7 49. Kf1 a2 50. Ke2 a1=Q 51. Nxa1 Bxa1 52. g4 Kf6 53. Kd3 Ne5+ 54. Kc2
Bd4 55. Bc1 Nxf3 56. gxf5 Kxf5 57. Kb3 Ke4 58. d6 Ne5 59. Bg5 Kd5 60. Be7 Nd7
61. Kc2 Be5 62. Bh4 Bxd6 63. Be1 Be5 64. Bf2 Bd4 65. Be1 c4 66. Bb4 Ne5 67. Ba5
Nc6 68. Bd2 Bc5 69. Bc3 Bb4 70. Bb2 Nd4+ 71. Kd1 Ke4 72. Ba1 Kd3 73. Bb2 Bc5 74.
Ba1 Ba3 0-1

[Event "Eurasian Blitz Chess Cup"]
[Site "Almaty KAZ"]
[Date "2016.06.19"]
[Round "19.14"]
[White "Volokitin, Andrei"]
[Black "Yilmaz, Mustafa"]
[Result "1-0"]
[WhiteTitle "GM"]
[BlackTitle "GM"]
[WhiteElo "2624"]
[BlackElo "2613"]
[WhiteFideId "14107090"]
[BlackFideId "6302718"]
[EventDate "2016.06.18"]

1. e4 d6 2. d4 Nf6 3. Nc3 e5 4. Nf3 Nbd7 5. Bc4 Be7 6. a4 O-O 7. O-O c6 8. Re1
a5 9. h3 Nb6 10. Bf1 exd4 11. Nxd4 d5 12. e5 Ne8 13. Nce2 g6 14. Ng3 Ng7 15. Be3
Bd7 16. Qd2 Qc7 17. Bh6 f6 18. e6 Be8 19. h4 Nc8 20. h5 Nd6 21. Qf4 c5 22. hxg6
Bxg6 23. Bxg7 Kxg7 24. Ndf5+ Kh8 25. Rad1 d4 26. c3 Rac8 27. Nxe7 Qxe7 28. cxd4
c4 29. d5 Rg8 30. Rd4 c3 31. bxc3 Rxc3 32. Rc1 Rgc8 33. Rxc3 Rxc3 34. Rd1 Rc5
35. Qd4 b6 36. Rd2 Kg7 37. Rb2 Qc7 38. Rd2 Rc1 39. Rd1 Rxd1 40. Qxd1 Qc2 41. Qd4
Qc5 42. Qg4 Qxd5 43. e7 Qe5 44. Qd7 Be8 45. Qxd6 Qxd6 46. Nf5+ Kf7 47. Nxd6+
Kxe7 48. Nxe8 Kxe8 49. Bb5+ Ke7 50. Kh2 Ke6 51. Kg3 Kf5 52. Bd3+ Ke5 53. Bxh7 b5
54. axb5 a4 55. b6 Kd6 56. Kf4 Kc6 57. Kf5 Kxb6 58. Kxf6 Kc5 59. g4 Kd6 60. Bb1
Kd5 1-0

[Event "Eurasian Blitz Chess Cup"]
[Site "Almaty KAZ"]
[Date "2016.06.19"]
[Round "19.15"]
[White "Harika, Dronavalli"]
[Black "Savchenko, Boris"]
[Result "0-1"]
[WhiteTitle "GM"]
[BlackTitle "GM"]
[WhiteElo "2514"]
[BlackElo "2633"]
[WhiteFideId "5015197"]
[BlackFideId "4147332"]
[EventDate "2016.06.18"]

1. c4 e5 2. g3 Nf6 3. Bg2 d5 4. cxd5 Nxd5 5. Nc3 Nb6 6. Nf3 Nc6 7. O-O Be7 8.
Rb1 Be6 9. d3 O-O 10. a3 a5 11. Be3 Nd5 12. Nxd5 Bxd5 13. Qa4 Qd6 14. Rbc1 Qe6
15. Nd2 Bxg2 16. Kxg2 Rfd8 17. Qc4 Rd5 18. Ne4 Qd7 19. Nc3 Rd6 20. Ne4 Rg6 21.
Rfd1 h5 22. f3 Rf8 23. Bf2 Kh7 24. Qb5 Qc8 25. Nc3 h4 26. Qc4 f5 27. Nd5 Bg5 28.
f4 exf4 29. Nxf4 Bxf4 30. Qxf4 Rg4 31. Qf3 Ne5 32. Qd5 Ng6 33. Kh1 c6 34. Qf3
Qe6 35. gxh4 Ne5 36. Qe3 Qd5+ 0-1

[Event "Eurasian Blitz Chess Cup"]
[Site "Almaty KAZ"]
[Date "2016.06.19"]
[Round "19.16"]
[White "Hou, Yifan"]
[Black "Anton Guijarro, David"]
[Result "1/2-1/2"]
[WhiteTitle "GM"]
[BlackTitle "GM"]
[WhiteElo "2663"]
[BlackElo "2627"]
[WhiteFideId "8602980"]
[BlackFideId "2285525"]
[EventDate "2016.06.18"]

1. e4 g6 2. d4 Bg7 3. Nc3 c6 4. Nf3 d6 5. h3 Nf6 6. Be3 O-O 7. Qd2 Nbd7 8. Bd3
e5 9. O-O Qe7 10. Rfe1 b5 11. dxe5 dxe5 12. a4 b4 13. Ne2 a5 14. Ng3 Nc5 15. Qe2
Rd8 16. Bc4 h6 17. Bxf7+ Kxf7 18. Qc4+ Ne6 19. Nxe5+ Kg8 20. Nxg6 Qf7 21. Ne5
Qe8 22. Nf5 Kh7 23. Bb6 Ba6 24. Qb3 Nc5 25. Bxc5 Qxe5 26. Bb6 Rd7 27. Qf3 Re8
28. Nxg7 Kxg7 29. Rad1 Rxd1 30. Qxd1 Bc8 31. Bd4 Qe6 32. Qf3 Rf8 33. Qg3+ Kh7
34. Qc7+ Rf7 35. Qxa5 Nd7 36. Qxb4 c5 37. Bxc5 Ne5 38. Qc3 Bb7 39. Bd4 Ng6 40.
f3 Nf4 41. Be3 Ng6 42. Qd2 Rd7 43. Qf2 Rf7 44. a5 Qc4 45. b3 Qb5 46. Qd2 Qc6 47.
c4 Ne5 48. Qd5 Qf6 49. Qd4 Rg7 50. Rf1 Qg6 51. Qd2 Qh5 52. Kh2 Bc8 53. Qf2 Qf7
54. Bd4 Qc7 55. Kh1 Rf7 56. Bxe5 Qxe5 57. b4 Qc3 58. Qc5 Qd3 59. Rg1 Bxh3 60.
gxh3 Qxf3+ 61. Kh2 Qf4+ 62. Rg3 Qd2+ 63. Rg2 Qf4+ 64. Kh1 Qxe4 65. Qg1 Qf3 66.
Qb1+ 1/2-1/2

[Event "Eurasian Blitz Chess Cup"]
[Site "Almaty KAZ"]
[Date "2016.06.19"]
[Round "19.17"]
[White "Kovalenko, Igor"]
[Black "Fressinet, Laurent"]
[Result "1-0"]
[WhiteTitle "GM"]
[BlackTitle "GM"]
[WhiteElo "2668"]
[BlackElo "2687"]
[WhiteFideId "14117908"]
[BlackFideId "608742"]
[EventDate "2016.06.18"]

1. c4 Nf6 2. Nc3 c5 3. g3 e6 4. Nf3 b6 5. Bg2 Bb7 6. O-O Be7 7. d4 cxd4 8. Qxd4
O-O 9. Rd1 Qc8 10. Bf4 Rd8 11. Rac1 d6 12. Qd2 Na6 13. Nb5 Ne4 14. Qe1 Nac5 15.
b4 Na4 16. Nd2 Nxd2 17. Qxd2 Bxg2 18. Kxg2 a6 19. Nxd6 Qc6+ 20. f3 g5 21. b5 Qc5
22. Qc2 gxf4 23. Nb7 Rxd1 24. Nxc5 Rxc1 25. Qxc1 Nxc5 26. Qxf4 axb5 27. cxb5
Rxa2 28. Qb8+ Kg7 29. Qxb6 Rxe2+ 30. Kh3 Rc2 31. Qc7 Bf6 32. b6 Rc3 33. f4 Nd3
34. Qxc3 Bxc3 35. b7 1-0

[Event "Eurasian Blitz Chess Cup"]
[Site "Almaty KAZ"]
[Date "2016.06.19"]
[Round "19.18"]
[White "Marin, Mihail"]
[Black "Jumabayev, Rinat"]
[Result "1/2-1/2"]
[WhiteTitle "GM"]
[BlackTitle "GM"]
[WhiteElo "2576"]
[BlackElo "2613"]
[WhiteFideId "1200020"]
[BlackFideId "13702661"]
[EventDate "2016.06.18"]

1. Nf3 Nf6 2. g3 c5 3. Bg2 Nc6 4. d4 cxd4 5. Nxd4 h5 6. h4 g6 7. O-O Bg7 8. Nxc6
bxc6 9. c4 O-O 10. Nc3 Rb8 11. Qa4 a5 12. Qc2 Ba6 13. b3 d5 14. Rd1 e6 15. Bf4
Rc8 16. e4 Qe7 17. Rac1 Ng4 18. Na4 Qa7 19. Bd6 Rfd8 20. Bc5 Qb8 21. Bb6 Re8 22.
Bxa5 dxc4 23. bxc4 c5 24. Bc3 Ne5 25. Nb2 Qc7 26. f4 Nc6 27. e5 Bf8 28. Be4 Bb7
29. Qg2 Ba8 30. Nd3 Nd4 31. Bxd4 cxd4 32. Bxa8 Rxa8 33. Rd2 Ra5 34. Rdc2 Qa7 35.
c5 Qa6 36. Qe2 Ra3 37. Rd2 Rc8 38. Rcc2 Qb5 39. Qg2 Rc3 40. Qe2 Bxc5 41. Rb2 Qa5
42. Nxc5 Qxc5 43. Qg2 d3+ 44. Kh2 Qe3 45. Qf2 Qxf2+ 46. Rxf2 Rc2 47. Kh3 Rxb2
48. Rxb2 Rc2 49. Rb8+ Kg7 50. Rd8 d2 51. a4 Ra2 52. a5 f6 53. Rd7+ Kf8 54. exf6
Rxa5 55. Rxd2 Kf7 56. Re2 Kxf6 1/2-1/2